000 00470nam a2200169Ia 4500
005 20250508161609.0
008 008 250505s9999 xx 000 0 eng d
037 _aBooks to be hide in OPAC
040 _aFEDL
_beng
_cFEDL
041 _aeng
_2eng
084 _a540, NCE/O
_qFEDL
245 0 _aSchool chemistry class 7 : Laboratory manual
260 _aNew Delhi, India
_bNCERT
300 _a81p.
942 _cHB
_h540, NCE/O
999 _c1371017
_d1371017